| 000 | 00779naa a22002297u 4500 | ||
|---|---|---|---|
| 001 | 18843 | ||
| 003 | HDC | ||
| 007 | cr bn ---aaaaa | ||
| 008 | 210228t200905 xx 000 0 eng | ||
| 040 | _aHDC | ||
| 245 | 0 | _aSUCCESSFUL CLOSE AT THE 5TH WORLD ISLAMIC ECONOMIC FORUM | |
| 260 |
_a[No place] : _b[publisher not identified], _c[no year] |
||
| 336 |
_atext _2rdacontent |
||
| 337 |
_acomputer _2rdamedia |
||
| 338 |
_aonline resource _2rdacarrier |
||
| 650 |
_aFinance (Islamic law) _9439 |
||
| 650 |
_aIslam _xEconomic aspects _91979 |
||
| 856 | _zRequest full-text at [email protected] | ||
| 942 | _2lcc | ||
| 942 | _cEIJ | ||
| 942 | _kEMAG 000695 | ||
| 999 |
_c16159 _d16159 |
||